| 000 | 00472ntaaa2200181 4500 | ||
|---|---|---|---|
| 003 | 01 | ||
| 005 | 20251027201208.0 | ||
| 008 | 0714s1973 ag 01 | ||
| 040 |
_aAR-BaBN _bspa _cAR-BaBN _eaacr _dRIC |
||
| 082 | _a220.5957 B47 | ||
| 100 |
_aBiblia. Coreano. 1973 _99882 |
||
| 245 |
_a[La Santa Biblia] / _cBiblia. Coreano. 1973 |
||
| 250 | _arev. ed. | ||
| 260 |
_aCorea, _c1973 |
||
| 300 |
_a1 vol ; _c19 cm |
||
| 500 | _aRevised and Hankul.Con referencias. | ||
| 942 | _cBK | ||
| 999 |
_c6250 _d6250 |
||